000 00293nam a2200121Ia 4500
005 20251222152011.0
008 251222s9999||||xx |||||||||||||| ||spa||
020 _a978-603-4007-31-4
082 _a634.44/R61
100 _a"Rimache Artica, Mijail"
245 0 _aCultivo de mangos
942 _cLIB
999 _c24897
_d24897